| 000 | 00451nam a2200193Ia 4500 | ||
|---|---|---|---|
| 008 | 240510s9999 xx 000 0 und d | ||
| 020 | _a0000789720566 | ||
| 041 | _aEng | ||
| 082 | _a005.4476 | ||
| 082 | _bK85 | ||
| 100 | _aKUO P. : PENCE J. : SPECKER S. | ||
| 245 | 0 | _aUSING NETWARE 5.0 | |
| 260 | _bQUE : INDIANA | ||
| 260 | _c1999 | ||
| 300 | _a950 p. | ||
| 650 | _aNETWARE : NOVELL : OPERATING SYSTEMS | ||
| 942 | _2ddc | ||
| 942 | _cRBK | ||
| 999 |
_c26013 _d26013 |
||
| 945 |
_a1 _bMadushi Gamage _c1 _dMadushi Gamage |
||